Effective auditing (Record no. 31782)

MARC details
000 -LEADER
fixed length control field 00257nam a2200109Ia 4500
082 ## - DEWEY DECIMAL CLASSIFICATION NUMBER
Classification number 657.6
Item number WAL
100 ## - MAIN ENTRY--AUTHOR NAME
Personal name Walley, B H
245 #0 - TITLE STATEMENT
Title Effective auditing
260 ## - PUBLICATION, DISTRIBUTION, ETC. (IMPRINT)
Place of publication London
Name of publisher Macmillan
Year of publication 1974
942 ## - ADDED ENTRY ELEMENTS (KOHA)
Koha item type Books
Holdings
Withdrawn status Lost status Damaged status Not for loan Home library Current library Date acquired Cost, normal purchase price Full call number Accession Number Koha item type
        RRII Library RRII Library 16/12/2021 8.00 657.6 WAL 12322 Books